| 000 | 00609cam a22002411 4500 | ||
|---|---|---|---|
| 001 | sa 68000421 | ||
| 003 | DLC | ||
| 005 | 20260227112423.0 | ||
| 008 | 890403s1966 xx 000 0 urdo | ||
| 010 | _asa 68000421 | ||
| 035 | _a(OCoLC)23565478 | ||
| 040 |
_aDLC _cMiU _dDLC |
||
| 042 | _apremarc | ||
| 043 | _aa-ii--- | ||
| 050 | 0 | 0 |
_aDS485.H9 _bS53 |
| 100 | 1 |
_aSibt̤-i Ḥasan, Sayyid, _d1916-1986. |
|
| 245 | 1 | 0 | _aShahr-i nigārān. |
| 260 | _c[1966] | ||
| 300 |
_a224 p. _billus., ports. _c19 cm. |
||
| 500 | _aRomanized. | ||
| 651 | 0 | _aHyderabad (India : State) | |
| 700 | 0 | _aẒafarulḥasan. | |
| 999 |
_c77201 _d77201 |
||